Cargo Work : the care, handling and carriage of cargoes including the management of marine cargo transportation / (Record no. 3858)

000 -LEADER
fixed length control field 00502nam a22001577a 4500
008 - FIXED-LENGTH DATA ELEMENTS--GENERAL INFORMATION
fixed length control field 200703b ||||| |||| 00| 0 eng d
020 ## - INTERNATIONAL STANDARD BOOK NUMBER
International Standard Book Number 0851741673
082 00 - DEWEY DECIMAL CLASSIFICATION NUMBER
Classification number 623.8881
Item number T2381
100 ## - MAIN ENTRY--PERSONAL NAME
9 (RLIN) 3182
Personal name Taylor, L. G.
245 10 - TITLE STATEMENT
Title Cargo Work : the care, handling and carriage of cargoes including the management of marine cargo transportation /
250 ## - EDITION STATEMENT
Edition statement 9th ed.
260 ## - PUBLICATION, DISTRIBUTION, ETC. (IMPRINT)
Place of publication, distribution, etc Glasgow
Name of publisher, distributor, etc Brown,Son & Ferguson
Date of publication, distribution, etc 1978
300 ## - PHYSICAL DESCRIPTION
Extent xiv, 366 p.
650 #0 - SUBJECT ADDED ENTRY--TOPICAL TERM
Topical term or geographic name as entry element Cargo Handling
942 ## - ADDED ENTRY ELEMENTS (KOHA)
Item type Books
Holdings
Withdrawn status Lost status Source of classification or shelving scheme Damaged status Not for loan Permanent location Current location Date acquired Full call number Barcode Date last seen Koha item type
          IMU Kolkata IMU Kolkata 2020-07-03 623.8881 T2381 06925 2020-07-03 Books
Designed and Maintained by IMU-KC Library, Kolkata Campus © Copyright All Rights Reserved

webs counters

Powered by Koha